[Event "ODJM B 2024"]
[Site "Willingen GER"]
[Date "2024.05.20"]
[Round "3"]
[White "Frank, Carolin"]
[Black "Bock, Leonas"]
[Result "0-1"]
[Termination "normal"]
[Board "27"]
[WhiteElo "1766"]
[BlackElo "1603"]
[WhiteClock "00:01:40"]
[BlackClock "00:09:41"]
[PlyCount "124"]
[WhiteFideId "16207190"]
[BlackFideId "16287118"]
[EventCountry "GER"]
[EventRounds "9"]
[EventType "swiss"]
[EventDate "2024.05.18"]

1. Nf3 {[%clk 01:30:57]} {[%emt 00:00:02]} d5 {[%clk 01:30:52]} {[%emt
00:00:08]} 2. g3 {[%clk 01:31:22]} {[%emt 00:00:06]} Nf6 {[%clk 01:31:04]}
{[%emt 00:00:17]} 3. Bg2 {[%clk 01:31:41]} {[%emt 00:00:12]} c6 {[%clk
01:31:16]} {[%emt 00:00:18]} 4. c4 {[%clk 01:30:18]} {[%emt 00:01:52]} dxc4
{[%clk 01:31:08]} {[%emt 00:00:38]} 5. O-O {[%clk 01:30:27]} {[%emt 00:00:21]}
Nbd7 {[%clk 01:31:02]} {[%emt 00:00:36]} 6. Na3 {[%clk 01:27:21]} {[%emt
00:03:36]} Nb6 {[%clk 01:30:04]} {[%emt 00:01:28]} 7. Qc2 {[%clk 01:22:41]}
{[%emt 00:05:10]} g6 {[%clk 01:26:54]} {[%emt 00:03:40]} 8. Nxc4 {[%clk
01:15:52]} {[%emt 00:07:19]} Nxc4 {[%clk 01:24:13]} {[%emt 00:03:11]} 9. Qxc4
{[%clk 01:16:13]} {[%emt 00:00:09]} Bg7 {[%clk 01:24:20]} {[%emt 00:00:23]} 10.
d3 {[%clk 01:09:54]} {[%emt 00:06:49]} O-O {[%clk 01:23:11]} {[%emt 00:01:40]}
11. Bf4 {[%clk 01:04:06]} {[%emt 00:06:17]} Be6 {[%clk 01:13:50]} {[%emt
00:09:51]} 12. Qc1 {[%clk 01:02:10]} {[%emt 00:02:26]} Nd5 {[%clk 01:01:26]}
{[%emt 00:12:53]} 13. Bh6 {[%clk 00:52:28]} {[%emt 00:10:13]} Qb6 {[%clk
00:50:55]} {[%emt 00:11:01]} 14. Bxg7 {[%clk 00:51:31]} {[%emt 00:01:27]} Kxg7
{[%clk 00:51:16]} {[%emt 00:00:09]} 15. a3 {[%clk 00:47:59]} {[%emt 00:04:02]}
Rad8 {[%clk 00:47:35]} {[%emt 00:04:11]} 16. Qd2 {[%clk 00:42:39]} {[%emt
00:05:50]} f6 {[%clk 00:46:18]} {[%emt 00:01:47]} 17. Rac1 {[%clk 00:35:31]}
{[%emt 00:07:37]} Bf7 {[%clk 00:43:19]} {[%emt 00:03:30]} 18. e4 {[%clk
00:33:41]} {[%emt 00:02:19]} Nc7 {[%clk 00:42:35]} {[%emt 00:01:15]} 19. e5
{[%clk 00:32:10]} {[%emt 00:02:01]} Qb5 {[%clk 00:39:09]} {[%emt 00:03:57]} 20.
exf6+ {[%clk 00:28:38]} {[%emt 00:04:01]} exf6 {[%clk 00:38:18]} {[%emt
00:01:21]} 21. d4 {[%clk 00:22:46]} {[%emt 00:06:22]} Bd5 {[%clk 00:35:53]}
{[%emt 00:02:55]} 22. Rfe1 {[%clk 00:21:48]} {[%emt 00:01:28]} Ne6 {[%clk
00:33:39]} {[%emt 00:02:44]} 23. Bf1 {[%clk 00:16:16]} {[%emt 00:06:02]} Qa4
{[%clk 00:21:32]} {[%emt 00:12:36]} 24. Qc3 {[%clk 00:11:16]} {[%emt 00:05:30]}
Rfe8 {[%clk 00:19:19]} {[%emt 00:02:44]} 25. Bc4 {[%clk 00:09:11]} {[%emt
00:02:35]} Bxc4 {[%clk 00:12:58]} {[%emt 00:06:51]} 26. Qxc4 {[%clk 00:09:31]}
{[%emt 00:00:10]} Qxc4 {[%clk 00:13:24]} {[%emt 00:00:04]} 27. Rxc4 {[%clk
00:09:51]} {[%emt 00:00:10]} Nxd4 {[%clk 00:13:28]} {[%emt 00:00:27]} 28. Rxe8
{[%clk 00:07:06]} {[%emt 00:03:15]} Nxf3+ {[%clk 00:13:45]} {[%emt 00:00:12]}
29. Kg2 {[%clk 00:07:27]} {[%emt 00:00:09]} Rxe8 {[%clk 00:13:46]} {[%emt
00:00:29]} 30. Kxf3 {[%clk 00:07:51]} {[%emt 00:00:06]} Rd8 {[%clk 00:13:03]}
{[%emt 00:01:13]} 31. Ke3 {[%clk 00:07:38]} {[%emt 00:00:44]} Kf7 {[%clk
00:12:54]} {[%emt 00:00:39]} 32. Rh4 {[%clk 00:04:21]} {[%emt 00:03:46]} h5
{[%clk 00:12:48]} {[%emt 00:00:36]} 33. Ra4 {[%clk 00:04:12]} {[%emt 00:00:39]}
a6 {[%clk 00:12:54]} {[%emt 00:00:24]} 34. Rc4 {[%clk 00:04:08]} {[%emt
00:00:33]} Rd6 {[%clk 00:11:39]} {[%emt 00:01:46]} 35. Rc2 {[%clk 00:02:36]}
{[%emt 00:02:01]} Ke6 {[%clk 00:10:48]} {[%emt 00:01:22]} 36. Rc4 {[%clk
00:02:40]} {[%emt 00:00:25]} Rd5 {[%clk 00:10:52]} {[%emt 00:00:28]} 37. f4
{[%clk 00:02:25]} {[%emt 00:00:44]} f5 {[%clk 00:08:32]} {[%emt 00:02:51]} 38.
Rc1 {[%clk 00:02:21]} {[%emt 00:00:33]} c5 {[%clk 00:07:07]} {[%emt 00:01:55]}
39. Rc4 {[%clk 00:01:42]} {[%emt 00:01:09]} b5 {[%clk 00:07:24]} {[%emt
00:00:13]} 40. Rc1 {[%clk 00:01:31]} {[%emt 00:00:41]} c4 {[%clk 00:04:31]}
{[%emt 00:03:23]} 41. Rc3 {[%clk 00:18:11]} {[%emt 00:13:50]} Rd1 {[%clk
00:32:25]} {[%emt 00:02:35]} 42. Rc2 {[%clk 00:14:41]} {[%emt 00:04:01]} Kd5
{[%clk 00:29:01]} {[%emt 00:03:54]} 43. Re2 {[%clk 00:11:16]} {[%emt 00:03:54]}
Rd3+ {[%clk 00:19:59]} {[%emt 00:09:32]} 44. Kf2 {[%clk 00:11:35]} {[%emt
00:00:11]} c3 {[%clk 00:19:58]} {[%emt 00:00:32]} 45. bxc3 {[%clk 00:08:36]}
{[%emt 00:03:29]} Rxc3 {[%clk 00:20:21]} {[%emt 00:00:07]} 46. Ra2 {[%clk
00:08:02]} {[%emt 00:01:04]} Kc4 {[%clk 00:17:28]} {[%emt 00:03:22]} 47. Ra1
{[%clk 00:03:20]} {[%emt 00:05:13]} Kb3 {[%clk 00:16:56]} {[%emt 00:01:02]} 48.
Ke2 {[%clk 00:01:51]} {[%emt 00:01:59]} Rc2+ {[%clk 00:16:06]} {[%emt
00:01:20]} 49. Kd3 {[%clk 00:02:11]} {[%emt 00:00:09]} Ra2 {[%clk 00:15:14]}
{[%emt 00:01:22]} 50. Rb1+ {[%clk 00:02:22]} {[%emt 00:00:20]} Kxa3 {[%clk
00:15:28]} {[%emt 00:00:16]} 51. Kc3 {[%clk 00:02:37]} {[%emt 00:00:15]} b4
{[%clk 00:11:37]} {[%emt 00:04:22]} 52. Kc4 {[%clk 00:01:40]} {[%emt 00:01:26]}
Rc2+ {[%clk 00:11:56]} {[%emt 00:00:10]} 53. Kd3 {[%clk 00:02:02]} {[%emt
00:00:09]} b3 {[%clk 00:11:37]} {[%emt 00:00:49]} 54. Ra1+ {[%clk 00:02:23]}
{[%emt 00:00:08]} Ra2 {[%clk 00:11:59]} {[%emt 00:00:09]} 55. Rb1 {[%clk
00:01:57]} {[%emt 00:00:57]} a5 {[%clk 00:10:08]} {[%emt 00:02:20]} 56. Kc3
{[%clk 00:01:54]} {[%emt 00:00:33]} Rc2 {[%clk 00:10:22]} {[%emt 00:00:16]} 57.
Kd3 {[%clk 00:01:58]} {[%emt 00:00:25]} Kb4 {[%clk 00:09:54]} {[%emt 00:00:59]}
58. Ra1 {[%clk 00:01:44]} {[%emt 00:00:45]} a4 {[%clk 00:10:07]} {[%emt
00:00:17]} 59. Re1 {[%clk 00:01:11]} {[%emt 00:01:02]} Rc3+ {[%clk 00:10:10]}
{[%emt 00:00:27]} 60. Kd2 {[%clk 00:01:31]} {[%emt 00:00:09]} b2 {[%clk
00:09:01]} {[%emt 00:01:40]} 61. Re8 {[%clk 00:01:28]} {[%emt 00:00:34]} Rb3
{[%clk 00:09:19]} {[%emt 00:00:11]} 62. Rb8+ {[%clk 00:01:40]} {[%emt
00:00:18]} Ka3 {[%clk 00:09:41]} {[%emt 00:00:08]} 0-1

[Event "ODJM B 2024"]
[Site "Willingen GER"]
[Date "2024.05.20"]
[Round "3"]
[White "Ottlik, Marie"]
[Black "Wilmink, Luca"]
[Result "0-1"]
[Termination "normal"]
[Board "28"]
[WhiteElo "1640"]
[BlackElo "1737"]
[WhiteClock "00:01:43"]
[BlackClock "00:22:17"]
[PlyCount "154"]
[WhiteFideId "16281730"]
[BlackFideId "16245253"]
[EventCountry "GER"]
[EventRounds "9"]
[EventType "swiss"]
[EventDate "2024.05.18"]

1. e4 {[%clk 01:30:58]} {[%emt 00:00:02]} c5 {[%clk 01:30:32]} {[%emt
00:00:29]} 2. Nf3 {[%clk 01:31:20]} {[%emt 00:00:07]} Nc6 {[%clk 01:29:51]}
{[%emt 00:01:10]} 3. d4 {[%clk 01:31:37]} {[%emt 00:00:13]} cxd4 {[%clk
01:29:44]} {[%emt 00:00:37]} 4. Nxd4 {[%clk 01:32:00]} {[%emt 00:00:07]} Nf6
{[%clk 01:28:25]} {[%emt 00:01:49]} 5. Nc3 {[%clk 01:29:04]} {[%emt 00:03:27]}
g6 {[%clk 01:28:13]} {[%emt 00:00:42]} 6. Bg5 {[%clk 01:22:27]} {[%emt
00:07:07]} Bg7 {[%clk 01:26:01]} {[%emt 00:02:41]} 7. Nb3 {[%clk 01:18:01]}
{[%emt 00:04:57]} O-O {[%clk 01:23:48]} {[%emt 00:02:42]} 8. Qd2 {[%clk
01:16:50]} {[%emt 00:01:42]} a5 {[%clk 01:22:11]} {[%emt 00:02:06]} 9. a3
{[%clk 01:04:16]} {[%emt 00:13:05]} a4 {[%clk 01:21:10]} {[%emt 00:01:31]} 10.
Nc5 {[%clk 01:03:08]} {[%emt 00:01:38]} d6 {[%clk 01:11:23]} {[%emt 00:10:16]}
11. Nd3 {[%clk 00:59:49]} {[%emt 00:03:49]} b5 {[%clk 00:59:10]} {[%emt
00:12:44]} 12. Be2 {[%clk 00:52:06]} {[%emt 00:08:13]} Qb6 {[%clk 00:46:02]}
{[%emt 00:13:35]} 13. O-O {[%clk 00:46:23]} {[%emt 00:06:16]} Qd4 {[%clk
00:33:02]} {[%emt 00:13:30]} 14. Be3 {[%clk 00:41:40]} {[%emt 00:05:12]} Nxe4
{[%clk 00:28:19]} {[%emt 00:05:12]} 15. Qe1 {[%clk 00:38:12]} {[%emt 00:03:57]}
Qc4 {[%clk 00:23:32]} {[%emt 00:05:19]} 16. Nf4 {[%clk 00:37:39]} {[%emt
00:01:03]} Bxc3 {[%clk 00:21:40]} {[%emt 00:02:22]} 17. Bxc4 {[%clk 00:34:50]}
{[%emt 00:03:20]} Bxe1 {[%clk 00:21:14]} {[%emt 00:00:56]} 18. Bd5 {[%clk
00:33:50]} {[%emt 00:01:29]} Bxf2+ {[%clk 00:20:35]} {[%emt 00:01:09]} 19. Bxf2
{[%clk 00:32:49]} {[%emt 00:01:32]} Nxf2 {[%clk 00:20:11]} {[%emt 00:00:54]}
20. Bxc6 {[%clk 00:32:14]} {[%emt 00:01:05]} Ra6 {[%clk 00:20:17]} {[%emt
00:00:23]} 21. Bxb5 {[%clk 00:31:59]} {[%emt 00:00:45]} Rb6 {[%clk 00:19:08]}
{[%emt 00:01:38]} 22. Bxa4 {[%clk 00:30:24]} {[%emt 00:02:06]} Ne4 {[%clk
00:19:00]} {[%emt 00:00:38]} 23. Rfe1 {[%clk 00:23:01]} {[%emt 00:07:53]} Nc5
{[%clk 00:18:57]} {[%emt 00:00:33]} 24. Nd5 {[%clk 00:12:45]} {[%emt 00:10:47]}
Rxb2 {[%clk 00:17:39]} {[%emt 00:01:47]} 25. Nxe7+ {[%clk 00:13:05]} {[%emt
00:00:11]} Kg7 {[%clk 00:17:29]} {[%emt 00:00:39]} 26. Bb3 {[%clk 00:11:52]}
{[%emt 00:01:44]} Nxb3 {[%clk 00:17:26]} {[%emt 00:00:32]} 27. cxb3 {[%clk
00:12:12]} {[%emt 00:00:10]} Bb7 {[%clk 00:16:50]} {[%emt 00:01:05]} 28. g3
{[%clk 00:11:55]} {[%emt 00:00:48]} Rxb3 {[%clk 00:16:28]} {[%emt 00:00:52]}
29. Rab1 {[%clk 00:09:54]} {[%emt 00:02:31]} Rxb1 {[%clk 00:16:48]} {[%emt
00:00:10]} 30. Rxb1 {[%clk 00:10:19]} {[%emt 00:00:05]} Ba8 {[%clk 00:17:04]}
{[%emt 00:00:14]} 31. Rd1 {[%clk 00:08:32]} {[%emt 00:02:17]} Kf6 {[%clk
00:16:50]} {[%emt 00:00:44]} 32. Nd5+ {[%clk 00:08:12]} {[%emt 00:00:50]} Bxd5
{[%clk 00:17:08]} {[%emt 00:00:12]} 33. Rxd5 {[%clk 00:08:34]} {[%emt
00:00:08]} Ke6 {[%clk 00:17:32]} {[%emt 00:00:06]} 34. Rd3 {[%clk 00:07:40]}
{[%emt 00:01:22]} Rb8 {[%clk 00:16:15]} {[%emt 00:01:49]} 35. Re3+ {[%clk
00:06:53]} {[%emt 00:01:18]} Kd7 {[%clk 00:14:58]} {[%emt 00:01:45]} 36. Rd3
{[%clk 00:04:13]} {[%emt 00:03:11]} h5 {[%clk 00:14:12]} {[%emt 00:01:16]} 37.
h4 {[%clk 00:02:34]} {[%emt 00:02:08]} Rb2 {[%clk 00:12:50]} {[%emt 00:01:52]}
38. Rf3 {[%clk 00:01:42]} {[%emt 00:01:23]} f5 {[%clk 00:11:37]} {[%emt
00:01:44]} 39. Rd3 {[%clk 00:02:00]} {[%emt 00:00:12]} Ra2 {[%clk 00:10:53]}
{[%emt 00:01:14]} 40. Kf1 {[%clk 00:02:03]} {[%emt 00:00:27]} Ke6 {[%clk
00:10:58]} {[%emt 00:00:24]} 41. Re3+ {[%clk 00:02:16]} {[%emt 00:00:17]} Kd5
{[%clk 00:11:15]} {[%emt 00:00:11]} 42. Rd3+ {[%clk 00:02:19]} {[%emt
00:00:29]} Ke5 {[%clk 00:11:38]} {[%emt 00:00:07]} 43. Re3+ {[%clk 00:02:18]}
{[%emt 00:00:31]} Kd4 {[%clk 00:11:11]} {[%emt 00:00:58]} 44. Re6 {[%clk
00:01:52]} {[%emt 00:00:56]} d5 {[%clk 00:11:25]} {[%emt 00:00:16]} 45. Rxg6
{[%clk 00:02:14]} {[%emt 00:00:07]} Rxa3 {[%clk 00:11:46]} {[%emt 00:00:09]}
46. Rg5 {[%clk 00:01:33]} {[%emt 00:01:10]} Ke4 {[%clk 00:12:04]} {[%emt
00:00:13]} 47. Rxh5 {[%clk 00:27:08]} {[%emt 00:04:56]} Rxg3 {[%clk 00:42:24]}
{[%emt 00:00:09]} 48. Rh8 {[%clk 00:27:12]} {[%emt 00:00:26]} Kf3 {[%clk
00:31:34]} {[%emt 00:11:20]} 49. Ra8 {[%clk 00:21:28]} {[%emt 00:06:13]} Kg4
{[%clk 00:30:35]} {[%emt 00:01:29]} 50. Ra4+ {[%clk 00:19:50]} {[%emt
00:02:08]} Kh5 {[%clk 00:29:30]} {[%emt 00:01:35]} 51. Rd4 {[%clk 00:16:47]}
{[%emt 00:03:33]} Rg4 {[%clk 00:28:54]} {[%emt 00:01:04]} 52. Rxd5 {[%clk
00:16:31]} {[%emt 00:00:48]} Rf4+ {[%clk 00:29:17]} {[%emt 00:00:08]} 53. Ke2
{[%clk 00:16:12]} {[%emt 00:00:48]} Kxh4 {[%clk 00:29:36]} {[%emt 00:00:11]}
54. Rd8 {[%clk 00:15:22]} {[%emt 00:01:20]} Kg3 {[%clk 00:29:18]} {[%emt
00:00:48]} 55. Rf8 {[%clk 00:12:30]} {[%emt 00:03:19]} Kg2 {[%clk 00:26:49]}
{[%emt 00:03:02]} 56. Rg8 {[%clk 00:11:11]} {[%emt 00:01:48]} Rg4 {[%clk
00:26:55]} {[%emt 00:00:24]} 57. Rf8 {[%clk 00:11:38]} {[%emt 00:00:04]} f4
{[%clk 00:26:39]} {[%emt 00:00:46]} 58. Rf7 {[%clk 00:11:38]} {[%emt 00:00:30]}
Kg3 {[%clk 00:26:03]} {[%emt 00:01:06]} 59. Rf8 {[%clk 00:10:47]} {[%emt
00:01:22]} Rg7 {[%clk 00:24:10]} {[%emt 00:02:21]} 60. Rf6 {[%clk 00:09:27]}
{[%emt 00:01:50]} Re7+ {[%clk 00:24:17]} {[%emt 00:00:23]} 61. Kf1 {[%clk
00:03:08]} {[%emt 00:06:50]} Kf3 {[%clk 00:24:37]} {[%emt 00:00:10]} 62. Rf8
{[%clk 00:03:28]} {[%emt 00:00:10]} Ra7 {[%clk 00:24:16]} {[%emt 00:00:50]} 63.
Ke1 {[%clk 00:03:53]} {[%emt 00:00:05]} Ra1+ {[%clk 00:23:39]} {[%emt
00:01:08]} 64. Kd2 {[%clk 00:04:13]} {[%emt 00:00:10]} Kg3 {[%clk 00:19:05]}
{[%emt 00:05:04]} 65. Rg8+ {[%clk 00:04:05]} {[%emt 00:00:38]} Kf2 {[%clk
00:19:25]} {[%emt 00:00:10]} 66. Rf8 {[%clk 00:04:14]} {[%emt 00:00:21]} f3
{[%clk 00:19:03]} {[%emt 00:00:52]} 67. Rf7 {[%clk 00:04:03]} {[%emt 00:00:41]}
Ra6 {[%clk 00:18:27]} {[%emt 00:01:05]} 68. Rf8 {[%clk 00:04:13]} {[%emt
00:00:21]} Rd6+ {[%clk 00:18:49]} {[%emt 00:00:08]} 69. Kc2 {[%clk 00:04:24]}
{[%emt 00:00:18]} Kg2 {[%clk 00:19:12]} {[%emt 00:00:07]} 70. Rg8 {[%clk
00:04:51]} {[%emt 00:00:04]} Kf1 {[%clk 00:19:33]} {[%emt 00:00:08]} 71. Rf8
{[%clk 00:05:18]} {[%emt 00:00:04]} f2 {[%clk 00:19:58]} {[%emt 00:00:05]} 72.
Rf7 {[%clk 00:05:38]} {[%emt 00:00:10]} Rd5 {[%clk 00:20:18]} {[%emt 00:00:10]}
73. Rg7 {[%clk 00:01:25]} {[%emt 00:04:42]} Ke2 {[%clk 00:20:41]} {[%emt
00:00:07]} 74. Re7 {[%clk 00:01:52]} {[%emt 00:00:03]} Kf3 {[%clk 00:21:06]}
{[%emt 00:00:06]} 75. Rf7+ {[%clk 00:02:11]} {[%emt 00:00:12]} Ke3 {[%clk
00:21:29]} {[%emt 00:00:07]} 76. Re7+ {[%clk 00:02:32]} {[%emt 00:00:09]} Kf4
{[%clk 00:21:53]} {[%emt 00:00:05]} 77. Rf7+ {[%clk 00:01:43]} {[%emt
00:01:19]} Rf5 {[%clk 00:22:17]} {[%emt 00:00:06]} 0-1

[Event "ODJM B 2024"]
[Site "Willingen GER"]
[Date "2024.05.20"]
[Round "3"]
[White "Kelembet, Artem"]
[Black "De Cauter, Leah"]
[Result "1-0"]
[Termination "normal"]
[Board "29"]
[WhiteElo "1654"]
[BlackElo "1617"]
[WhiteClock "00:50:03"]
[BlackClock "00:01:37"]
[PlyCount "73"]
[WhiteFideId "34684727"]
[BlackFideId "16222350"]
[EventCountry "GER"]
[EventRounds "9"]
[EventType "swiss"]
[EventDate "2024.05.18"]

1. Nf3 {[%clk 01:30:59]} c5 {[%clk 01:30:51]} {[%emt 00:00:10]} 2. c4 {[%clk
01:31:24]} {[%emt 00:00:04]} g6 {[%clk 01:31:14]} {[%emt 00:00:07]} 3. d4
{[%clk 01:31:47]} {[%emt 00:00:08]} Bg7 {[%clk 01:30:25]} {[%emt 00:01:18]} 4.
e4 {[%clk 01:32:07]} {[%emt 00:00:09]} cxd4 {[%clk 01:28:59]} {[%emt 00:01:57]}
5. Nxd4 {[%clk 01:32:25]} {[%emt 00:00:11]} Nc6 {[%clk 01:26:10]} {[%emt
00:03:19]} 6. Be3 {[%clk 01:30:56]} {[%emt 00:02:00]} Nf6 {[%clk 01:16:25]}
{[%emt 00:10:15]} 7. Nc3 {[%clk 01:31:10]} {[%emt 00:00:15]} O-O {[%clk
01:14:08]} {[%emt 00:02:47]} 8. f3 {[%clk 01:28:18]} {[%emt 00:03:23]} a6
{[%clk 01:02:48]} {[%emt 00:11:50]} 9. Be2 {[%clk 01:27:48]} {[%emt 00:00:59]}
e6 {[%clk 01:01:46]} {[%emt 00:01:32]} 10. Nxc6 {[%clk 01:23:35]} {[%emt
00:04:43]} dxc6 {[%clk 00:54:06]} {[%emt 00:08:11]} 11. Qxd8 {[%clk 01:21:45]}
{[%emt 00:02:19]} Rxd8 {[%clk 00:54:18]} {[%emt 00:00:19]} 12. c5 {[%clk
01:20:11]} {[%emt 00:02:04]} Nd7 {[%clk 00:47:24]} {[%emt 00:07:24]} 13. Na4
{[%clk 01:14:45]} {[%emt 00:05:56]} Kf8 {[%clk 00:32:52]} {[%emt 00:15:02]} 14.
O-O-O {[%clk 01:14:35]} {[%emt 00:00:39]} Ke7 {[%clk 00:21:37]} {[%emt
00:11:45]} 15. Rd2 {[%clk 01:10:03]} {[%emt 00:05:03]} Rf8 {[%clk 00:19:15]}
{[%emt 00:02:52]} 16. Rhd1 {[%clk 01:02:24]} {[%emt 00:08:08]} Rb8 {[%clk
00:15:17]} {[%emt 00:04:29]} 17. Nb6 {[%clk 00:59:35]} {[%emt 00:03:19]} Nxb6
{[%clk 00:15:34]} {[%emt 00:00:13]} 18. cxb6 {[%clk 00:59:59]} {[%emt
00:00:06]} Kf6 {[%clk 00:12:46]} {[%emt 00:03:17]} 19. e5+ {[%clk 00:56:50]}
{[%emt 00:03:39]} Kf5 {[%clk 00:05:47]} {[%emt 00:07:30]} 20. g4+ {[%clk
00:57:12]} {[%emt 00:00:08]} Kxe5 {[%clk 00:05:42]} {[%emt 00:00:34]} 21. Bd4+
{[%clk 00:57:39]} {[%emt 00:00:04]} Kf4 {[%clk 00:05:41]} {[%emt 00:00:30]} 22.
Bxg7 {[%clk 00:58:02]} {[%emt 00:00:07]} Rg8 {[%clk 00:05:45]} {[%emt
00:00:27]} 23. Rd4+ {[%emt 00:02:23]} Kg5 {[%clk 00:05:14]} {[%emt 00:00:59]}
24. h4+ {[%clk 00:52:16]} {[%emt 00:04:25]} Kxh4 {[%clk 00:05:42]} {[%emt
00:00:02]} 25. g5+ {[%clk 00:52:22]} {[%emt 00:00:23]} Kh3 {[%clk 00:03:26]}
{[%emt 00:02:46]} 26. Be5 {[%clk 00:52:46]} {[%emt 00:00:07]} Kg2 {[%clk
00:03:17]} {[%emt 00:00:39]} 27. Bxb8 {[%clk 00:52:10]} {[%emt 00:01:06]} e5
{[%clk 00:02:19]} {[%emt 00:01:28]} 28. Bxe5 {[%clk 00:51:33]} {[%emt
00:01:06]} Re8 {[%clk 00:01:55]} {[%emt 00:00:55]} 29. f4 {[%clk 00:51:47]}
{[%emt 00:00:16]} Kf2 {[%clk 00:02:15]} {[%emt 00:00:09]} 30. Kd2 {[%clk
00:49:36]} {[%emt 00:02:41]} Be6 {[%clk 00:01:51]} {[%emt 00:00:55]} 31. Rf1
{[%clk 00:49:55]} {[%emt 00:00:11]} Kg2 {[%clk 00:01:59]} {[%emt 00:00:22]} 32.
Ke1 {[%clk 00:49:57]} {[%emt 00:00:28]} Bxa2 {[%clk 00:02:09]} {[%emt
00:00:20]} 33. Rf2+ {[%clk 00:49:56]} {[%emt 00:00:31]} Kg1 {[%clk 00:02:01]}
{[%emt 00:00:38]} 34. Rd3 {[%clk 00:49:25]} {[%emt 00:01:00]} Bd5 {[%clk
00:02:17]} {[%emt 00:00:14]} 35. Rg3 {[%clk 00:49:34]} {[%emt 00:00:21]} Kh1
{[%clk 00:02:31]} {[%emt 00:00:16]} 36. Kf1 {[%clk 00:49:47]} {[%emt 00:00:17]}
Bg2+ {[%clk 00:01:37]} {[%emt 00:01:25]} 37. Rfxg2 {[%clk 00:50:03]} {[%emt
00:00:13]} 1-0